Cancer genetics and cytogenetics.

Bibliographic Details
New Title:Cancer genetics
Format: Journal
Language:English
Published: [New York] : Elsevier-North Holland, [1979-]
Subjects:
Online Availability: Check for online availability

MARC

Tag First Indicator Second Indicator Subfields
LEADER 00000cas a2200000 a 4500
001 in00004453413
005 20191202120949.0
008 790413d19792010nyumrjp 0 a0eng d
010 |a  80642094   |z sn 79002462  
022 0 |a 0165-4608 
030 |a CGCYDF 
032 |a 702370  |b USPS 
035 |a (OCoLC)04853076 
035 |z (UtOrBLW)1285 
035 |a 2295 
040 |a NSD  |c NSD  |d NLM  |d DLC  |d NST  |d OCL  |d NST  |d SER  |d RCS  |d NSD  |d TMV  |d UtOrBLW 
042 |a nsdp  |a lc 
049 |a [Shelved] [by Title] TMVM 
050 0 0 |a RC268.4  |b .C35 
060 0 0 |a W1 CA697UD 
060 4 |a x 
222 0 |a Cancer genetics and cytogenetics 
245 1 0 |a Cancer genetics and cytogenetics. 
246 1 0 |a Cancer Genet Cytogenet 
264 1 |a [New York] :  |b Elsevier-North Holland,  |c [1979-] 
264 4 |c [©1979-] 
300 |a volumes :  |b illustrations ;  |c 26 cm. 
310 |a Monthly  |b 1983- 
321 |a Eight issues per year  |b 1979-1982. 
336 |a text  |2 rdacontent  |b txt 
337 |a unmediated  |2 rdamedia 
338 |a volume  |2 rdacarrier  |b nc 
362 0 |a Vol. 1, no. 1 (July 1979)-Vol. 203, no. 2 (Dec. 2010). 
500 |a Title from cover. 
650 2 |a Cytogenetics. 
650 2 |a Neoplasms  |x genetics. 
655 2 |a Periodicals. 
690 |a biores 
776 0 |t Cancer genetics and cytogenetics (Online)  |x 1873-4456  |w (OCoLC)38491892 
785 0 0 |t Cancer genetics  |x 2210-7762  |w (DLC) 2011243135  |w (OCoLC)705317370 
999 |a MARS 
999 f f |s 97cd01dc-2505-3c6f-871e-08349a739291  |i 4776b82d-c587-377c-9e5c-93b3117f1cde  |t 0 
952 f f |p ric  |a Texas A&M University  |b Rellis Campus  |c Joint Library Facility  |d Remote Storage  |t 0  |h No information provided  |i unmediated -- volume  |k v.27  |l 1987  |m 323890079797L 
952 f f |p ric  |a Texas A&M University  |b Rellis Campus  |c Joint Library Facility  |d Remote Storage  |t 0  |h No information provided  |i unmediated -- volume  |k v.28  |l 1987  |m 3238900804958 
952 f f |p ric  |a Texas A&M University  |b Rellis Campus  |c Joint Library Facility  |d Remote Storage  |t 0  |h No information provided  |i unmediated -- volume  |k v.23  |l 1986  |m 3238900773201 
952 f f |p ric  |a Texas A&M University  |b Rellis Campus  |c Joint Library Facility  |d Remote Storage  |t 0  |h No information provided  |i unmediated -- volume  |k v.25  |l 1987  |m 3238900782458 
952 f f |p ric  |a Texas A&M University  |b Rellis Campus  |c Joint Library Facility  |d Remote Storage  |t 0  |h No information provided  |i unmediated -- volume  |k v.20  |l 1986  |m 323890036016+ 
952 f f |p ric  |a Texas A&M University  |b Rellis Campus  |c Joint Library Facility  |d Remote Storage  |t 0  |h No information provided  |i unmediated -- volume  |k v.24  |l 1987  |m 3238900782144 
952 f f |p ric  |a Texas A&M University  |b Rellis Campus  |c Joint Library Facility  |d Remote Storage  |t 0  |h No information provided  |i unmediated -- volume  |k v.9  |l 1983  |m 3238900444262 
952 f f |p ric  |a Texas A&M University  |b Rellis Campus  |c Joint Library Facility  |d Remote Storage  |t 0  |h No information provided  |i unmediated -- volume  |k v.18  |l 1985  |m 3238900354767 
952 f f |p ric  |a Texas A&M University  |b Rellis Campus  |c Joint Library Facility  |d Remote Storage  |t 0  |h No information provided  |i unmediated -- volume  |k v.7  |l 1982  |m 3238900444240 
952 f f |p ric  |a Texas A&M University  |b Rellis Campus  |c Joint Library Facility  |d Remote Storage  |t 0  |h No information provided  |i unmediated -- volume  |k v.21  |l 1986  |m 323890035938A 
952 f f |p ric  |a Texas A&M University  |b Rellis Campus  |c Joint Library Facility  |d Remote Storage  |t 0  |h No information provided  |i unmediated -- volume  |k v.16  |l 1985  |m 3238900444330 
952 f f |p ric  |a Texas A&M University  |b Rellis Campus  |c Joint Library Facility  |d Remote Storage  |t 0  |h No information provided  |i unmediated -- volume  |k v.22  |l 1986  |m 323890076639D 
952 f f |p ric  |a Texas A&M University  |b Rellis Campus  |c Joint Library Facility  |d Remote Storage  |t 0  |h No information provided  |i unmediated -- volume  |k v.1  |l 1979  |m 3238900444194 
952 f f |p ric  |a Texas A&M University  |b Rellis Campus  |c Joint Library Facility  |d Remote Storage  |t 0  |h No information provided  |i unmediated -- volume  |k v.6  |l 1982  |m 323890044423% 
952 f f |p ric  |a Texas A&M University  |b Rellis Campus  |c Joint Library Facility  |d Remote Storage  |t 0  |h No information provided  |i unmediated -- volume  |k v.26  |l 1987  |m 323890079563C 
952 f f |p ric  |a Texas A&M University  |b Rellis Campus  |c Joint Library Facility  |d Remote Storage  |t 0  |h No information provided  |i unmediated -- volume  |k v.13  |l 1984  |m 323890044430/ 
952 f f |p ric  |a Texas A&M University  |b Rellis Campus  |c Joint Library Facility  |d Remote Storage  |t 0  |h No information provided  |i unmediated -- volume  |k v.19  |l 1986  |m 3238900360865 
952 f f |p ric  |a Texas A&M University  |b Rellis Campus  |c Joint Library Facility  |d Remote Storage  |t 0  |h No information provided  |i unmediated -- volume  |k v.5  |l 1982  |m 323890044422+ 
952 f f |p ric  |a Texas A&M University  |b Rellis Campus  |c Joint Library Facility  |d Remote Storage  |t 0  |h No information provided  |i unmediated -- volume  |k v.11  |l 1984  |m 3238900444284 
952 f f |p ric  |a Texas A&M University  |b Rellis Campus  |c Joint Library Facility  |d Remote Storage  |t 0  |h No information provided  |i unmediated -- volume  |k v.29  |l 1987  |m 3238900809278 
952 f f |p ric  |a Texas A&M University  |b Rellis Campus  |c Joint Library Facility  |d Remote Storage  |t 0  |h No information provided  |i unmediated -- volume  |k v.17  |l 1985  |m 3238900444341 
952 f f |p ric  |a Texas A&M University  |b Rellis Campus  |c Joint Library Facility  |d Remote Storage  |t 0  |h No information provided  |i unmediated -- volume  |k v.2  |l 1980  |m 323890044420$ 
952 f f |p ric  |a Texas A&M University  |b Rellis Campus  |c Joint Library Facility  |d Remote Storage  |t 0  |h No information provided  |i unmediated -- volume  |k v.3  |l 1981  |m 323890044421/ 
952 f f |p ric  |a Texas A&M University  |b Rellis Campus  |c Joint Library Facility  |d Remote Storage  |t 0  |h No information provided  |i unmediated -- volume  |k v.12  |l 1984  |m 3238900444295 
952 f f |p ric  |a Texas A&M University  |b Rellis Campus  |c Joint Library Facility  |d Remote Storage  |t 0  |h No information provided  |i unmediated -- volume  |k v.14  |l 1985  |m 323890044431+ 
952 f f |p ric  |a Texas A&M University  |b Rellis Campus  |c Joint Library Facility  |d Remote Storage  |t 0  |h No information provided  |i unmediated -- volume  |k v.8  |l 1983  |m 3238900444251 
952 f f |p ric  |a Texas A&M University  |b Rellis Campus  |c Joint Library Facility  |d Remote Storage  |t 0  |h No information provided  |i unmediated -- volume  |k v.15  |l 1985  |m 323890044432% 
952 f f |p ric  |a Texas A&M University  |b Rellis Campus  |c Joint Library Facility  |d Remote Storage  |t 0  |h No information provided  |i unmediated -- volume  |k v.10  |l 1983  |m 3238900444273 
998 f f |s v.1(1979)-v.3(1981),v.5(1982)-v.29(1987)  |t 0  |l Remote Storage